Top Milk Producers (all kinds) Quiz Stats

 Plays Quiz not verified by Sporcle

Support Sporcle.
Go Orange.
Score 0/50 Timer 04:00
0 Plays Today
Country % Correct
United States of America
97%
China
96%
China
96%
China
96%
China
96%
India
93.2%
India
93.2%
India
93.2%
United Kingdom
93%
Russia
91.2%
Egypt
90.9%
France
90.6%
France
90.6%
Germany
89.7%
Brazil
88.5%
Iran
85.3%
Iran
85.3%
Iran
85.3%
Italy
81.8%
Italy
81.8%
Spain
81.1%
Spain
81.1%
Saudi Arabia
80.4%
Iraq
79.7%
Pakistan
78.8%
Country % Correct
Pakistan
78.8%
Turkey
74.4%
Sudan
67.4%
Sudan
67.4%
Sudan
67.4%
Poland
64.5%
Greece
63.5%
Greece
63.5%
New Zealand
63%
Niger
62.6%
Ethiopia
59%
Chad
56%
Kenya
53%
Bangladesh
49.4%
Bangladesh
49.4%
Syria
48.9%
Somalia
47.9%
Somalia
47.9%
Somalia
47.9%
Mali
44.4%
United Arab Emirates
41.1%
Nepal
35.7%
Romania
32.8%
Mauritania
30.9%
Myanmar
27.7%

You're not logged in!

Compare scores with friends on all Sporcle quizzes.
OR
Log In

From the Vault

Gaming Bunker

by NJSB

Some games are hit or miss.
Remove Ads.
Support Sporcle.
Get the best of Sporcle when you Go Orange. This ad-free experience offers more features, more stats, and more fun while also helping to support Sporcle. Thank you for becoming a member.

Show Comments

Extras

Top Quizzes Today


Score Distribution

Your Account Isn't Verified!

In order to create a playlist on Sporcle, you need to verify the email address you used during registration. Go to your Sporcle Settings to finish the process.

Report this User

Report this user for behavior that violates our Community Guidelines.

Details: